Seth Rogen Movies Quiz Stats

 Plays Quiz Updated Apr 29, 2019

Score 0/36 Timer 05:00
0 Plays Today
Year Movie % Correct
2007Knocked Up
87.5%
2007Superbad
83.5%
2013This Is the End
76.1%
2008Pineapple Express
73.2%
2005The 40-Year-Old Virgin
65.9%
2016Sausage Party
57.8%
2015Steve Jobs
54.9%
2016Kung Fu Panda 3
53%
2008Zack and Miri Make a Porno
51.3%
2014Neighbors
46.5%
2014The Interview
46.2%
2016Neighbors 2: Sorority Rising
44.7%
2009Observe and Report
36.1%
2008Step Brothers
35.5%
2019Long Shot
34%
2004Anchorman: The Legend of Ron Burgundy
33.5%
2008Kung Fu Panda
30.8%
2009Funny People
28.5%
Year Movie % Correct
2015The Night Before
27.5%
2009Monsters vs. Aliens
26.7%
2017The Disaster Artist
25.6%
2008Horton Hears a Who!
24.7%
2012The Guilt Trip
21.6%
2001Donnie Darko
15.5%
2011The Green Hornet
11.3%
2011Take This Waltz
11.2%
2006You, Me and Dupree
8.3%
2011Kung Fu Panda 2
8.1%
2012For a Good Time, Call...
7.5%
2008Fanboys
7.1%
201150/50
6.4%
2011Paul
6.4%
2007Shrek the Third
5.9%
2008The Spiderwick Chronicles
5.8%
2018Like Father
5.7%
2014The Sound and the Fury
4.3%

You're not logged in!

Compare scores with friends on all Sporcle quizzes.
OR
Log In

Sporcle TV

Today on Sporcle TV


Watch our educational content, quiz creation guides, and fun videos on Sporcle TV.

Show Comments

Extras

Top Quizzes Today


Score Distribution

Your Account Isn't Verified!

In order to create a playlist on Sporcle, you need to verify the email address you used during registration. Go to your Sporcle Settings to finish the process.

Report this User

Report this user for behavior that violates our Community Guidelines.

Details: